000 00376nam a2200145Ia 4500
008 230917s9999||||xx |||||||||||||| ||und||
040 _e194141
_aMAIN
041 _aEnglish
082 _a796.076137 A47H
100 _aAhalawat, Ravinder Pal
245 0 _aHealth education and nutrition
260 _aNew Delhi
_bKhel Sahitya Kendra
_c2011
300 _a251 p.
942 _cBK
999 _c159317
_d159317